00305nam a2200121Ia 4500008004100000100003000041245002000071260002800091300000900119650003000128942000800158999001700166190216s9999||||xx |||||||||||||| ||und|| a"Vijayan C, Balagopal Ts" 0aKettida Varappu bKerala Basha Instc1973 a131p aCivil & Landscape Art cREF c35324d35324